Loading...
| History - American | 0 | 4 | 0 | 1 | 40 | 10 | 68.50 | 1 | 2 | 15.92 | 21.59 |
| Current Events | 0 | 2 | 0 | 0 | 20 | 41 | 72.50 | 0 | 0 | 27.10 | 20.83 |
| Literature - American | 0 | 2 | 1 | 1 | 15 | 121 | 128.00 | 0 | 0 | 1.23 | 5.68 |
| Religion | 0 | 1 | 0 | 1 | 10 | 138 | 138.00 | 0 | 0 | 0.00 | 1.14 |
| Fine Arts - Painting and Sculpture | 0 | 1 | 0 | 0 | 10 | 131 | 131.00 | 0 | 0 | 0.40 | 2.27 |
| History - Other | 0 | 1 | 0 | 0 | 10 | 63 | 63.00 | 0 | 1 | 4.85 | 4.55 |
| Literature - British | 0 | 1 | 0 | 0 | 10 | 135 | 135.00 | 0 | 0 | 0.07 | 4.55 |
| Literature - World | 0 | 1 | 0 | 0 | 10 | 124 | 124.00 | 0 | 0 | 0.92 | 2.27 |
| Mythology | 0 | 1 | 0 | 1 | 10 | 125 | 125.00 | 0 | 0 | 0.00 | 1.14 |
| Other Academic | 0 | 1 | 0 | 1 | 10 | 125 | 125.00 | 0 | 0 | 1.85 | 3.13 |
| Philosophy | 0 | 1 | 2 | 1 | 0 | 121 | 121.00 | 0 | 0 | 0.07 | 3.41 |
| Literature - European | 0 | 0 | 0 | 0 | 0 | 0.00 | 0 | 0 | 0.00 | 0.00 | |
| History - European | 0 | 0 | 1 | 0 | -5 | 0.00 | 0 | 0 | 0.00 | 0.00 | |
| Geography | 0 | 0 | 1 | 0 | -5 | 0.00 | 0 | 0 | 0.00 | 0.00 |